000 00684nam a2200241Ia 4500
003 OSt
005 20230623101201.0
008 210423s2014 xx 000 0 und d
020 _a978-81-239-2353-6
040 _cAL
041 _aeng
082 _a546
_223
_bDASP
100 _aDAS (Asim K);DAS (Mahua)
_9114370
245 _aFundamental concepts of inorganic chemistry Vol 6
260 _aNew Delhi
_bCBS Publishers & Distributors
_c2014
300 _axiv,1657,I-5
_bPB
365 _b495
_cINR
440 _v6
650 _aChemistry
_9114371
650 _aInorganic Chemistry
_9114372
906 _achemistry ; concepts ; Fundamental ; inorganic ; Vol
942 _2ddc
_cBK
999 _c167445
_d167445